000 01007nam a22001815i 4500
001 47964
003 ES-MaACL
005 20230906161653.0
007 t|
008 950206s1840 be ||||1| fre d
040 _aCAM
_bspa
_cCCPB | PA2
100 1 _aCousin, Victor.
_941306
245 1 0 _aOeuvres de Victor Cousin.
260 _aBruxelles :
_b[s.n.],
_c1840 (
_fHauman et C.)
300 _a4 v. ;
_c28 cm.
505 8 _aContiene: v. 1: Introduction a l'histoire de la philosophie. Cours d'histoire de la philosophie. Cours de philosophie de la metaphisique d'Aristote -- v. 2: Cours d'histoire de la philosophie morale. Fragments philosophiques -- v. 3: De l'instruction publique en Allemagne, en Pruse et en Hollande. Nouvelles considerations sur les rapports du physique et du moral de l'homme -- v. 4: Fragments litteraires. Introduction générale a l'histoire de la philosophie morale au XVIIIe. siècle. Vanini, ses écrits, sa vie, et sa mort. Jacqueline Pascal.
852 _aES-MaACL
_jF-3359-62
999 _c47964
_d47964